Ключ. Вып. 22 (Запись № 13504042)

Подробности
000 -МАРКЕР
контрольное поле 01800nam2a2200253 4500
001 - ИДЕНТИФИКАТОР ЗАПИСИ
контрольное поле RU\NLR\BIBL_A\022686725
005 - ИДЕНТИФИКАТОР ВЕРСИИ
контрольное поле 20260408145911.0
035 ## - ДРУГИЕ СИСТЕМНЫЕ НОМЕРА
Идентификатор записи (NLR Aleph) 022686725
100 ## - ДАННЫЕ ОБЩЕЙ ОБРАБОТКИ
Данные общей обработки 20251212d2025 u y0rusy50 ca
101 0# - ЯЗЫК РЕСУРСА
Язык текста, звукозаписи и т.д. русский
102 ## - СТРАНА ПУБЛИКАЦИИ ИЛИ ПРОИЗВОДСТВА
Страна публикации Российская Федерация
200 0# - ЗАГЛАВИЕ И СВЕДЕНИЯ ОБ ОТВЕТСТВЕННОСТИ
Основное заглавие Вып. 22
Сведения, относящиеся к заглавию [материалы XXII Национальной научно-практической конференции с международным участием "Пушкин и универсум русского мира", ноябрь 2024 года, город Санкт-Петербург]
210 ## - ПУБЛИКАЦИЯ, РАСПРОСТРАНЕНИЕ И ДР.
Дата издания, распространения и т.д. 2025
461 #0 - УРОВЕНЬ НАБОРА
Встроенное поле 001RU\NLR\Per\671473
-- 2001#$aКлюч$eальманах Пушкинского центра аналитических исследований и прогнозирования$fС.-Петерб. гос. аграр. ун-т$vВып. 22
Системный номер (АБИС) связанной записи 3072634
Место публикации Санкт-Петербург
Дата публикации 2009 -
Первые сведения об ответственности С.-Петерб. гос. аграр. ун-т
Имя издателя, распространителя и т.д. ХИМИЗДАТ
Сведения, относящиеся к заглавию альманах Пушкинского центра аналитических исследований и прогнозирования
Заглавие Ключ
ISSN 2411-1430
Номер тома Вып. 22
600 #1 - ИМЯ ЛИЦА КАК ПРЕДМЕТ
Начальный элемент ввода Пушкин
Часть имени, кроме начального элемента ввода А.С.
Даты 1799 - 1837
Расширение инициалов личного имени Александр Сергеевич
Формальный подзаголовок Съезды, совещания и т.п
Системный номер авторитетной/нормативной записи 1155086
Идентификатор авторитетной/нормативной записи RU\NLR\AUTH\66143362
686 2# - ИНДЕКСЫ ДРУГИХ КЛАССИФИКАЦИЙ
Индекс Ш5(2=Р)51-4Пушкин.я431
711 12 - НАИМЕНОВАНИЕ ОРГАНИЗАЦИИ - АЛЬТЕРНАТИВНАЯ ОТВЕТСТВЕННОСТЬ
Начальный элемент ввода "Пушкин и универсум русского мира", национальная научно-практическая конференция с международным участием
Порядковый номер временной организации и / или порядковый номер ее части 22
Дата проведения временной организации 2024
Место проведения временной организации Санкт-Петербург
Идентификатор авторитетной/нормативной записи RU\NLR\AUTH\880636654
Системный номер авторитетной/нормативной записи 2690532
852 ## - МЕСТОНАХОЖДЕНИЕ И ШИФР ХРАНЕНИЯ
Идентификатор организации NLR
Шифр хранения (Call Number) П22/9038
942 ## - ДОПОЛНИТЕЛЬНЫЕ ЭЛЕМЕНТЫ ЗАПИСИ (АБИС)
Тип экземпляра АБИС Выпуск
980 ## - КОЛЛЕКЦИЯ
Название коллекции Русская периодика
980 ## - КОЛЛЕКЦИЯ
Название коллекции Национальная библиография

Нет доступных экземпляров.